Geophysics helps developers avoid temple of doom (Record no. 117701)

MARC details
000 -LEADER
fixed length control field 00885cam a2200229 4500
001 - CONTROL NUMBER
control field ABS68054
008 - FIXED-LENGTH DATA ELEMENTS--GENERAL INFORMATION
fixed length control field 040715n2004 000 0 eng u
035 ## - SYSTEM CONTROL NUMBER
System control number (Sirsi) u126785
100 ## - MAIN ENTRY--PERSONAL NAME
Personal name Whittingham, M.
245 ## - TITLE STATEMENT
Title Geophysics helps developers avoid temple of doom
260 ## - PUBLICATION, DISTRIBUTION, ETC.
Date of publication, distribution, etc. 2004
490 ## - SERIES STATEMENT
Series statement Geomatics World
Volume/sequential designation 12(4) May/June 2004, 35(1)
520 ## - SUMMARY, ETC.
Summary, etc. Since the introduction of PPG16, archaeology has become more involved in planning consent for developments. Argues that geophysical techniques not only play a prominent role in archaeological investigations but also help developers achieve planning consent and avoid the costly implications of an unexpected find.
590 ## - LOCAL NOTE (RLIN)
Local note ABS
590 ## - LOCAL NOTE (RLIN)
Local note ABS
650 ## - SUBJECT ADDED ENTRY--TOPICAL TERM
Topical term or geographic name entry element GEOPHYSICS
650 ## - SUBJECT ADDED ENTRY--TOPICAL TERM
Topical term or geographic name entry element PPG16
650 ## - SUBJECT ADDED ENTRY--TOPICAL TERM
Topical term or geographic name entry element ARCHAEOLOGICAL SITES
650 ## - SUBJECT ADDED ENTRY--TOPICAL TERM
Topical term or geographic name entry element PLANNING PERMISSION
690 ## - LOCAL SUBJECT ADDED ENTRY--TOPICAL TERM (OCLC, RLIN)
Topical term or geographic name as entry element PLANNING-PRACTICE
942 ## - ADDED ENTRY ELEMENTS (KOHA)
Suppress in OPAC 0
Holdings
Withdrawn status Lost status Source of classification or shelving scheme Damaged status Not for loan Home library Current library Shelving location Date acquired Total Checkouts Full call number Barcode Date last seen Copy number Price effective from Koha item type
    Dewey Decimal Classification     London London Journal article 15/07/2004   ABS68054 126785-1001 06/08/2019 1 06/08/2019 Journal article